मध्य़रात्रीचे पडघम (Record no. 89333)

MARC details
000 -LEADER
fixed length control field 00612nam a2200181Ia 4500
008 - FIXED-LENGTH DATA ELEMENTS--GENERAL INFORMATION
fixed length control field 090124s9999 xx 000 0 und d
082 ## - DEWEY DECIMAL CLASSIFICATION NUMBER
Item number 18229
100 ## - MAIN ENTRY--PERSONAL NAME
Personal name मतकरी रत्नाकर
245 ## - TITLE STATEMENT
Title मध्य़रात्रीचे पडघम
250 ## - EDITION STATEMENT
Edition statement 1
260 ## - PUBLICATION, DISTRIBUTION, ETC. (IMPRINT)
Name of publisher, distributor, etc मीनल प्रकाशन
300 ## - PHYSICAL DESCRIPTION
Extent 170
600 ## - SUBJECT ADDED ENTRY--PERSONAL NAME
Personal name मतकरी रत्नाकर
630 ## - SUBJECT ADDED ENTRY--UNIFORM TITLE
Uniform title मध्य़रात्रीचे पडघम
700 ## - ADDED ENTRY--PERSONAL NAME
Personal name मतकरी रत्नाकर
730 ## - ADDED ENTRY--UNIFORM TITLE
Uniform title मध्य़रात्रीचे पडघम
942 ## - ADDED ENTRY ELEMENTS (KOHA)
Koha item type Book
Holdings
Withdrawn status Lost status Damaged status Not for loan Home library Current library Date acquired Cost, normal purchase price Total Checkouts Full call number Barcode Date last seen Cost, replacement price Price effective from Koha item type
        Nagar Wachan Mandir, Thane Nagar Wachan Mandir, Thane   20.00   18229 THNNWM-18229 01/24/2009 20.00 01/24/2009 Book